000 00619nam a2200229 i 4500
001 C2-0097073
003 PPAK
005 20180727093851.0
008 970515s1988 io |||| ||||| | may d
040 _aPPAK
_beng
_cPPAK
_erda
082 0 4 _a306.08992
_223
090 0 0 _a306.08992
_bMAH
_dKIH
100 1 _aMahmud, Kusman K.,
_eauthor
245 1 0 _aMosaik budaya
264 1 _aYogyakarta, Indonesia :
_bKota Kembang ,
_c1988
300 _aviii, 96 pages ;
_c20 cm
336 _2rdacontent
_atext
337 _2rdamedia
_aunmediated
338 _2rdacarrier
_avolume
650 1 0 _aCulture - Malays
942 _ddc
_cB
999 _c21120
_d21120